Human resource management : (Record no. 102560)

MARC details
000 -LEADER
fixed length control field 00560nam a22001937a 4500
005 - DATE AND TIME OF LATEST TRANSACTION
control field 20160819122931.0
010 ## - LCCN (DPL NO)
LC control number ENG-115785
020 ## - INTERNATIONAL STANDARD BOOK NUMBER
International Standard Book Number 9788151610484
Terms of availability 605.00
035 ## - SYSTEM CONTROL NUMBER
System control number EN-93571
037 ## - SOURCE OF ACQUISITION
Source of stock number/acquisition DBAD/PUB
082 ## - DEWEY DECIMAL CLASSIFICATION NUMBER
Classification number 658.3
100 ## - MAIN ENTRY--PERSONAL NAME
Personal name Gupta, C.B.
245 ## - TITLE STATEMENT
Title Human resource management :
Remainder of title text and cases /
Statement of responsibility, etc by C.B. Gupta
250 ## - EDITION STATEMENT
Edition statement 17th thoroughly rev. ed
260 ## - PUBLICATION, DISTRIBUTION, ETC. (IMPRINT)
Place of publication, distribution, etc New Delhi
Name of publisher, distributor, etc Sultan Chand
Date of publication, distribution, etc 2016
270 ## - ADDRESS
Address 23, Darya Ganj
City Delhi
Postal code 110002
300 ## - PHYSICAL DESCRIPTION
Extent various pagings
Other physical details 24cm(pbk)
942 ## - ADDED ENTRY ELEMENTS (KOHA)
Source of classification or shelving scheme Dewey Decimal Classification
Item type English Books
Call number suffix GUP
Classification part 658.3
Holdings
Withdrawn status Lost status Not for loan Collection code Home library Current library Date acquired Source of acquisition Cost, normal purchase price Full call number Barcode Copy number Cost, replacement price Koha item type
    Not For Loan Non-fiction D.B.Act.Division Bawana 19/08/2016 DBAD/PUB 605.00 658.3 GUP EN-99317 1 605.00 English Books

© Delhi Public Library
Hit Counter
free hit counter